Remedios politicos para los medicamentos / (Registro nro. 391)
[ vista simple ]
| 000 -LEADER | |
|---|---|
| fixed length control field | 00909 am a2200253 a 4500 |
| 005 - FECHA ULTIMA MODIFICACION | |
| control field | 20240223121519.0 |
| 008 - CAMPO DE CONTROL (LIBRO) | |
| fixed length control field | 100622s1994||||ag d f |||| 001 0 spa d |
| 020 ## - INTERNATIONAL STANDARD BOOK NUMBER | |
| ISBN | 9879983203 |
| 041 ## - CODIGO DE IDIOMA | |
| Código de idioma del texto/pista de sonido o título separado | spa |
| 092 ## - SIGNATURA TOPOGRAFICA DEWEY LOCAL | |
| número de clasificación | 344 |
| libristica | 30 |
| sección | GON |
| 100 1# - ENTRADA PRINCIPAL--NOMBRE PERSONAL | |
| Nombre personal | González García, Ginés. |
| 9 (RLIN) | 1194 |
| 245 ## - TITULO PROPIAMENTE DICHO | |
| Título | Remedios politicos para los medicamentos / |
| Mención de responsabilidad y remanente de la transcripción de la portada | Ginés González García. |
| 250 ## - MENCION DE EDICION | |
| Mención de edición | 1a ed. |
| 260 ## - PIE DE IMPRENTA | |
| Lugar de publicación, distribución, etc | Buenos Aires: |
| Nombre de la editorial, distribuidor, etc | Isalud; |
| Fecha de publicación | 1994. |
| 300 ## - DESCRIPCION FISICA | |
| Extension | 292 p. |
| 500 ## - NOTA GENERAL | |
| Nota general | González García, G. (1994). Remedios políticos para los medicamentos. (1a ed.). Buenos Aires : Isalud. |
| 653 ## - TÉRMINO INDIZADO - PALABRAS CLAVES | |
| Palabra clave | Industria del medicamento |
| 653 ## - TÉRMINO INDIZADO - PALABRAS CLAVES | |
| Palabra clave | Calidad y consumo: un remedio para tantas pildoras |
| 653 ## - TÉRMINO INDIZADO - PALABRAS CLAVES | |
| Palabra clave | Precios, monopolios y equidad |
| 653 ## - TÉRMINO INDIZADO - PALABRAS CLAVES | |
| Palabra clave | Programa de medicamentos de la provincia de Buenos Aires-Argentina |
| 653 ## - TÉRMINO INDIZADO - PALABRAS CLAVES | |
| Palabra clave | Capitalismo sin estado o capitalismo sin mercado |
| 930 ## - NUMERO DE INVENTARIO | |
| Número de inventario | 1655 |
| 942 ## - ADDED ENTRY ELEMENTS (KOHA) | |
| Source of classification or shelving scheme | Dewey Decimal Classification |
| Item type | Libros |
| Estado de retiro | Existencia | Estado general | No para prestamo | Ubicación permanente | ubicación actual | Sala de ubicación | Fecha de adquisición | Total Checkouts | Número de clasificación | Código de barras | Date last seen | Número de ejemplar | Price effective from | Koha tipo de elemento (item) |
|---|---|---|---|---|---|---|---|---|---|---|---|---|---|---|
| Biblioteca Medicina | Biblioteca Medicina | Circulación | 13/05/2011 | 344 30 GON | 1655 | 06/11/2014 | ej.1 | 13/05/2011 | Libros |